000 00521nam a2200169Ia 4500
008 100122s9999 xx 000 0 und d
082 _b75254
_a823
100 _aगार्डनर अर्ल स्टन्ले
245 _aक्षण क्षण मृत्यू
250 _a1
260 _c2008
300 _a176
630 _aक्षण क्षण मृत्यू
700 _aआफळे ज्योती
730 _aक्षण क्षण मृत्यू
942 _cBOOK
999 _c391331
_d391328